000 00691cmm a2200181 4500
001 3598
007 co |||||||||||
008 050901s2002 bt m eng
010 _a 2004326353
245 0 0 _aDruk Yul :
_ba multimedia guide to Bhutan.
246 1 _iAdditional title on container:
_aBrug
260 _aBhutan :
_bProduced by Visual Institute of Technology,
_cc2002.
300 _a1 CD-ROM ;
_c4 3/4 in.
500 _aTitle from disc label.
520 _aFeatures photographs, music, and movie clips to present an introduction to the land of Bhutan, its people, and their culture.
538 _aSystem requirements: Multimedia computer.
651 0 _aBhutan
_xDescription and travel.
999 _c2930
_d2930